| 000 | 00879nam a2200277Ia 4500 | ||
|---|---|---|---|
| 003 | OSt | ||
| 005 | 20220930203625.0 | ||
| 006 | a|||||r|||| 00| 0 | ||
| 007 | ta | ||
| 008 | 220926b |||||||| |||| 00| 0 hin d | ||
| 024 | _a74854 | ||
| 037 | _cDissertations | ||
| 040 |
_aCRL _cCRL _bhin |
||
| 041 |
_2hin _ahin |
||
| 100 | _aDhingra Asha | ||
| 110 | _aUniversity of Delhi. Faculty of Arts. Department of Hindi | ||
| 245 | 0 |
_aJaishankar Prasad aur Subramaniam Shastri ke kavya mein rashtriya chetna _b Ek tulnatmak adhyayan |
|
| 260 | _c1969 | ||
| 300 |
_a149p. _ccm. |
||
| 650 |
_aHINDI LITERATURE _923866 |
||
| 700 | _a Dr. Nagendra Gu. | ||
| 700 | _a Dr. Savitri Sinha Gu. | ||
| 700 | _aUniversity of Delhi. Faculty of Arts. Department of Hindi | ||
| 942 |
_cDIS _2CC |
||
| 999 |
_c904900 _d904900 |
||